[Event "Guernsey op 38th"]
[Site "Guernsey"]
[Date "2012.10.23"]
[Round "3"]
[White "Ippel, Cornelius J"]
[Black "Casiot, David J"]
[Result "1-0"]
[WhiteElo "1935"]
[BlackElo "2046"]
[PlyCount "97"]
[EventDate "2012.10.21"]
[EventType "swiss"]
[EventRounds "7"]
[EventCountry "GCI"]
[SourceTitle "EXT 2013"]
[Source "ChessBase"]
[SourceDate "2012.11.22"]
[SourceVersion "1"]
[SourceVersionDate "2012.11.22"]
[SourceQuality "1"]

1. Nc3 d5 2. e4 d4 3. Nce2 Nc6 4. Ng3 e5 5. Bc4 Nf6 6. d3 Bg4 7. Nf3 Bb4+ 8. Bd2 Bd6 9. h3 Bd7 10. 0-0 Qe7 11. Bg5 0-0-0 12. Nh4 h6 13. Nhf5 Qf8 14. Bd2 g6 15. Nxd6+ cxd6 16. c3 Kb8 17. cxd4 Nxd4 18. Bc3 Bc6 19. Bxd4 exd4 20. Ne2 d5 21. exd5 Bxd5 22. Qb3 Qd6 23. Rac1 Rhe8 24. Ng3 h5 25. Bxd5 Qxd5 26. Qxd5 Rxd5 27. Rfe1 Re6 28. Kf1 h4 29. Ne4 Nd7 30. Rc2 f5 31. Rec1 b6 32. Ng5 Re8 33. Nf3 Nc5 34. Rd2 Rh8 35. Re1 Rd6 36. Ng5 Rd7 37. f4 Kb7 38. Re5 Rc8 39. b4 Na6 40. b5 Nb4 41. Re6 Rc1+ 42. Kf2 Nd5 43. Rxg6 Nxf4 44. Rf6 Rc3 45. Rf7 Kc7 46. Rxd7+ Kxd7 47. Nf3 Nxd3+ 48. Rxd3 Rxd3 49. Ne5+ 1-0

[Event "Guernsey op 37th"]
[Site "Guernsey"]
[Date "2011.10.22"]
[Round "7"]
[White "Casiot, David J"]
[Black "Morcom, Huw"]
[Result "0-1"]
[WhiteElo "2125"]
[BlackElo "1955"]
[PlyCount "96"]
[EventDate "2011.10.16"]
[EventType "swiss"]
[EventRounds "7"]
[EventCountry "GCI"]
[SourceTitle "EXT 2012"]
[Source "ChessBase"]
[SourceDate "2011.11.24"]
[SourceVersion "1"]
[SourceVersionDate "2011.11.24"]
[SourceQuality "1"]

1. e4 c5 2. Nf3 d6 3. c3 a6 4. Bd3 g6 5. Bc2 Bg7 6. 0-0 Nf6 7. Re1 0-0 8. d4 Qc7 9. Nbd2 Nbd7 10. Nf1 b5 11. Bg5 Bb7 12. Qd2 Rac8 13. Rac1 Rfe8 14. Bb1 e5 15. Ng3 Nb6 16. b3 c4 17. b4 exd4 18. Nxd4 Nbd7 19. f4 h6 20. Bh4 Qb6 21. Kh1 Ng4 22. Nf1 Ngf6 23. Ng3 Ng4 24. Nf1 Ngf6 25. Bf2 Qc7 26. Ng3 Re7 27. Re2 Qb8 28. Rce1 Qa8 29. Nf3 Rce8 30. Qxd6 Nf8 31. Ne5 N8d7 32. Bd4 Re6 33. Qc7 Rc8 34. Qa5 Nxe5 35. Bxe5 Rxe5 36. fxe5 Ng4 37. e6 fxe6 38. e5 Bxe5 39. Ne4 Bxh2 40. Nf6+ Nxf6 41. Kxh2 Qb8+ 42. g3 Ng4+ 43. Kh3 h5 44. Rxe6 Nf2+ 45. Kh4 g5+ 46. Kxg5 Qxg3+ 47. Kh6 Qg7+ 48. Kxh5 Bf3+ 0-1

[Event "Guernsey op"]
[Site "Grand Havre Bay"]
[Date "2010.10.23"]
[Round "7"]
[White "Goris, Ton"]
[Black "Casiot, David J"]
[Result "0-1"]
[WhiteElo "2044"]
[BlackElo "2130"]
[PlyCount "66"]
[EventDate "2010.10.17"]
[EventType "swiss"]
[EventRounds "7"]
[EventCountry "GCI"]
[SourceTitle "EXT 2011"]
[Source "ChessBase"]
[SourceDate "2010.11.26"]
[SourceVersion "1"]
[SourceVersionDate "2010.11.26"]
[SourceQuality "1"]

1. e4 e6 2. d4 d5 3. e5 c5 4. c3 Nc6 5. Nf3 Qb6 6. a3 c4 7. Nbd2 Na5 8. Be2 Bd7 9. Rb1 Rc8 10. 0-0 Ne7 11. Ng5 h6 12. Nh3 g6 13. g4 Bg7 14. f4 0-0 15. Kh1 f5 16. exf6 Bxf6 17. Nf3 Bg7 18. Ne5 Bxe5 19. fxe5 Rxf1+ 20. Qxf1 Rf8 21. Qg2 g5 22. Bd1 Ng6 23. Kg1 Nc6 24. Nf2 Be8 25. Bd2 Nh4 26. Qf1 Bg6 27. Be2 Bxb1 28. Qxb1 Nxe5 29. Be3 Neg6 30. Nh1 e5 31. Ng3 e4 32. Nf5 Nxf5 33. gxf5 Nh4 0-1

[Event "Guernsey op"]
[Site "Grand Havre Bay"]
[Date "2010.10.19"]
[Round "3"]
[White "Casiot, David J"]
[Black "Hickman, John"]
[Result "0-1"]
[WhiteElo "2130"]
[BlackElo "2012"]
[PlyCount "122"]
[EventDate "2010.10.17"]
[EventType "swiss"]
[EventRounds "7"]
[EventCountry "GCI"]
[SourceTitle "EXT 2011"]
[Source "ChessBase"]
[SourceDate "2010.11.26"]
[SourceVersion "1"]
[SourceVersionDate "2010.11.26"]
[SourceQuality "1"]

1. e4 d6 2. d4 Nf6 3. Nc3 c6 4. Be2 Qc7 5. Nf3 e5 6. 0-0 Be7 7. h3 0-0 8. Be3 Nbd7 9. Qd2 b6 10. Nh2 Bb7 11. f3 Nh5 12. f4 Nxf4 13. Bxf4 exf4 14. Qxf4 b5 15. Bg4 b4 16. Ne2 c5 17. c3 Nf6 18. d5 Ba6 19. Rf2 Nxg4 20. Nxg4 Bxe2 21. Rxe2 bxc3 22. bxc3 Rab8 23. Rf1 Rb7 24. Ref2 Qd8 25. g3 Qb8 26. Qf5 Rb1 27. e5 Rxf1+ 28. Rxf1 dxe5 29. Nxe5 Bf6 30. Nd7 Qxg3+ 31. Kh1 Re8 32. Nxf6+ gxf6 33. Qg4+ Qxg4 34. hxg4 Re2 35. Kg1 Rd2 36. Rxf6 Rxd5 37. Kf1 Rd2 38. a4 Rc2 39. Ra6 Rxc3 40. Ke2 Ra3 41. Rxa7 c4 42. Kd2 Kg7 43. Ra6 f6 44. Kc2 Kg6 45. Ra5 Rg3 46. Rc5 Rxg4 47. Kc3 h5 48. a5 Rg1 49. Rxc4 Ra1 50. Kb4 Kg5 51. Kb5 h4 52. a6 h3 53. Rc2 f5 54. Kb6 Kg4 55. a7 f4 56. Kb7 Kg3 57. Rc1 Rxa7+ 58. Kxa7 h2 59. Kb6 f3 60. Kc5 Kg2 61. Kd4 h1Q 0-1

[Event "London Classic op"]
[Site "London"]
[Date "2009.12.15"]
[Round "9"]
[White "Storey, Charles"]
[Black "Casiot, David J"]
[Result "1-0"]
[WhiteElo "2292"]
[BlackElo "2143"]
[PlyCount "87"]
[EventDate "2009.12.08"]
[EventType "swiss"]
[EventRounds "9"]
[EventCountry "ENG"]
[SourceTitle "CBM 133 Extra"]
[Source "ChessBase"]
[SourceDate "2010.01.05"]
[SourceVersion "1"]
[SourceVersionDate "2010.01.05"]
[SourceQuality "1"]

1. d4 f5 2. d5 Nf6 3. Nf3 c6 4. dxc6 bxc6 5. b3 e5 6. Bb2 e4 7. Nd4 d5 8. e3 Be7 9. c4 0-0 10. cxd5 cxd5 11. Nc3 Qa5 12. Qd2 Bd7 13. a3 Kh8 14. Nxe4 Qxd2+ 15. Nxd2 Nc6 16. N2f3 Rac8 17. Nxc6 Rxc6 18. Nd4 Rc7 19. Bd3 Ne4 20. 0-0 Bf6 21. Rfc1 Rfc8 22. Rxc7 Rxc7 23. Rc1 Rxc1+ 24. Bxc1 Kg8 25. b4 Kf7 26. Bb5 Bc8 27. Bc6 Nc3 28. Bb2 Ne2+ 29. Kf1 Nxd4 30. Bxd4 Bxd4 31. Bxd5+ Ke7 32. exd4 Ba6+ 33. Ke1 Kd6 34. Bg8 h6 35. f4 Bd3 36. Kd2 Be4 37. g3 Kc6 38. Bc4 g5 39. Bd3 Kd5 40. Ke3 gxf4+ 41. gxf4 Bxd3 42. Kxd3 a6 43. h4 h5 44. a4 1-0

[Event "London Classic op"]
[Site "London"]
[Date "2009.12.12"]
[Round "6"]
[White "Casiot, David J"]
[Black "Millward, Kevin P"]
[Result "0-1"]
[WhiteElo "2143"]
[BlackElo "1942"]
[PlyCount "160"]
[EventDate "2009.12.08"]
[EventType "swiss"]
[EventRounds "9"]
[EventCountry "ENG"]
[SourceTitle "CBM 133 Extra"]
[Source "ChessBase"]
[SourceDate "2010.01.05"]
[SourceVersion "1"]
[SourceVersionDate "2010.01.05"]
[SourceQuality "1"]

1. e4 e6 2. d4 d5 3. Nc3 dxe4 4. Nxe4 Bd7 5. Nf3 Bc6 6. Bd3 Nd7 7. 0-0 Ngf6 8. Qe2 Bxe4 9. Bxe4 Nxe4 10. Qxe4 c6 11. Re1 Be7 12. c3 Nf6 13. Qc2 Qd5 14. Re5 Qd7 15. Rg5 g6 16. Re5 Bd6 17. Re2 0-0-0 18. Bg5 Be7 19. Ne5 Qe8 20. Qa4 Kb8 21. Nc4 b5 22. Qb3 Nd5 23. Bd2 Ka8 24. Ne5 Nb6 25. c4 Rxd4 26. cxb5 cxb5 27. Qf3+ Rd5 28. Rc1 Bd6 29. Nc6 Nc4 30. Nxa7 Kxa7 31. Bc3 Rg8 32. b3 Nb6 33. Ba5 Qd7 34. Rec2 Rd8 35. Qe3 Qb7 36. g3 Be5 37. Qe2 Ka6 38. Bb4 Bd6 39. Bxd6 R8xd6 40. a4 Qd7 41. axb5+ Qxb5 42. Ra1+ Kb7 43. Qf3 Qd3 44. Rc3 Qxf3 45. Rxf3 Rd1+ 46. Rxd1 Rxd1+ 47. Kg2 f5 48. Re3 Rd6 49. f4 Kc6 50. Kf3 Nd5 51. Re1 Nf6 52. Rc1+ Kd7 53. Rc2 Ne4 54. Ra2 Ke7 55. Ra8 Rd8 56. Ra7+ Rd7 57. Ra8 Kf6 58. b4 Rb7 59. b5 Nd6 60. b6 Nc4 61. g4 fxg4+ 62. Kxg4 Nxb6 63. Rf8+ Rf7 64. Rb8 Nd5 65. Rb2 Kg7 66. Rf2 Rxf4+ 67. Rxf4 Nxf4 68. Kxf4 Kf6 69. Kf3 Kf5 70. h3 g5 71. Ke3 h5 72. Kf3 g4+ 73. hxg4+ hxg4+ 74. Kg3 e5 75. Kf2 Kf4 76. Kf1 Kf3 77. Kg1 e4 78. Kf1 e3 79. Ke1 e2 80. Kd2 Kf2 0-1

[Event "London Classic op"]
[Site "London"]
[Date "2009.12.11"]
[Round "5"]
[White "Yekta, Alireza Shayesteh"]
[Black "Casiot, David J"]
[Result "1-0"]
[WhiteElo "1762"]
[BlackElo "2143"]
[PlyCount "127"]
[EventDate "2009.12.08"]
[EventType "swiss"]
[EventRounds "9"]
[EventCountry "ENG"]
[SourceTitle "CBM 133 Extra"]
[Source "ChessBase"]
[SourceDate "2010.01.05"]
[SourceVersion "1"]
[SourceVersionDate "2010.01.05"]
[SourceQuality "1"]

1. d4 e6 2. e3 f5 3. f4 Nf6 4. Nf3 Be7 5. Bd3 b6 6. 0-0 Bb7 7. c3 0-0 8. Qe2 Qe8 9. b3 Ne4 10. Bb2 d6 11. c4 Nd7 12. Nbd2 Ndf6 13. Rac1 c5 14. a3 a5 15. Bb1 Nxd2 16. Nxd2 Ne4 17. Nxe4 fxe4 18. dxc5 bxc5 19. Qg4 Bf6 20. Bxf6 Rxf6 21. Rfd1 Rd8 22. Rd2 Qc6 23. Rcd1 Qb6 24. Bc2 Rd7 25. Qh3 Qd8 26. Qg3 Bc6 27. Qf2 Rff7 28. g4 d5 29. Qg2 dxc4 30. bxc4 Rxd2 31. Rxd2 Rd7 32. Rxd7 Qxd7 33. Qe2 h6 34. Qd1 Qe7 35. Ba4 Bxa4 36. Qxa4 Qd8 37. Qc2 Qh4 38. Qd2 Qf6 39. Qc2 Qa1+ 40. Kg2 Qxa3 41. Qxe4 Qb2+ 42. Kg3 Qb6 43. Qa8+ Kf7 44. h4 Qc7 45. Kf3 Ke7 46. Ke2 Kd7 47. g5 hxg5 48. hxg5 Qd8 49. Qa7+ Qc7 50. Qxc7+ Kxc7 51. Kd3 Kd6 52. e4 Ke7 53. Kc3 a4 54. Kb2 Kf7 55. f5 exf5 56. exf5 Ke7 57. Ka3 Kd6 58. Kxa4 Ke5 59. f6 gxf6 60. gxf6 Kxf6 61. Kb5 Ke7 62. Kxc5 Kd7 63. Kb6 Kc8 64. Kc6 1-0

[Event "ESP-ch Seniors"]
[Site "Mallorca"]
[Date "2004.10.17"]
[Round "6"]
[White "Queralto Roger, Esteve"]
[Black "Casiot, David J"]
[Result "1/2-1/2"]
[WhiteElo "1982"]
[BlackElo "2170"]
[PlyCount "81"]
[EventDate "2004.10.12"]
[EventType "swiss"]
[EventRounds "9"]
[EventCountry "ESP"]
[SourceTitle "EXT 2005"]
[Source "ChessBase"]
[SourceDate "2004.11.15"]
[SourceVersion "1"]
[SourceVersionDate "2004.11.15"]
[SourceQuality "1"]

1. d4 e6 2. c4 f5 3. g3 Nf6 4. Bg2 Be7 5. Nf3 0-0 6. 0-0 d5 7. Qc2 c6 8. b3 Ne4 9. Nbd2 Nd6 10. Ne5 Nd7 11. Nd3 g5 12. e3 Nf6 13. Nf3 Nde4 14. Nfe5 g4 15. Bb2 Qe8 16. f3 gxf3 17. Bxf3 Kh8 18. Nf4 Bd7 19. Qg2 Ng5 20. Qe2 Rd8 21. Bg2 Bd6 22. Rad1 Bc8 23. Nfd3 Rg8 24. Rf4 Rg7 25. Rh4 Qe7 26. Nf4 Rdg8 27. Rc1 Bd7 28. Rh6 Be8 29. Rf1 Bg6 30. Nfxg6+ Rxg6 31. Nxg6+ Rxg6 32. Rxg6 hxg6 33. Bc1 Nge4 34. Bxe4 Nxe4 35. Qg2 Qh7 36. Rf3 Qh5 37. c5 Bc7 38. Rf1 g5 39. Ba3 g4 40. Bb4 Ng5 41. Be1 1/2-1/2

[Event "ESP-ch Seniors"]
[Site "Mallorca"]
[Date "2004.10.14"]
[Round "3"]
[White "Casiot, David J"]
[Black "Yanez Acin, Gonzalo"]
[Result "0-1"]
[WhiteElo "2170"]
[BlackElo "1992"]
[PlyCount "40"]
[EventDate "2004.10.12"]
[EventType "swiss"]
[EventRounds "9"]
[EventCountry "ESP"]
[SourceTitle "EXT 2005"]
[Source "ChessBase"]
[SourceDate "2004.11.15"]
[SourceVersion "1"]
[SourceVersionDate "2004.11.15"]
[SourceQuality "1"]

1. e4 e5 2. f4 d5 3. exd5 e4 4. Nc3 Nf6 5. d3 Bb4 6. a3 Bxc3+ 7. bxc3 0-0 8. Ne2 Re8 9. Be3 Nxd5 10. Bd4 Nc6 11. dxe4 Rxe4 12. Qd2 Nxd4 13. cxd4 Qe7 14. Kf2 Bg4 15. g3 Re8 16. Nc3 Nxc3 17. Qxc3 Re3 18. Bd3 Re2+ 19. Bxe2 Qxe2+ 20. Kg1 Bf3 0-1